| 000 | 00684nam a2200253Ia 4500 | ||
|---|---|---|---|
| 001 | 2137 | ||
| 008 | 230305s2018 xx 000 0 und d | ||
| 020 | _a9788417088873 | ||
| 040 | _ctbs | ||
| 041 | _aspa | ||
| 245 | 0 | _aCiudad princesa | |
| 260 |
_bGalaxia Gutenberg, _c2018 |
||
| 300 | _a251 p. ; 21 cm | ||
| 650 |
_aSocial movements _x Spain Barcelona History 20th century _99794 |
||
| 650 |
_aSocial 21st century _99795 |
||
| 650 |
_aBarcelona (Spain) conditions conditions _99796 |
||
| 650 |
_aSocial movements _99797 |
||
| 650 |
_aSpain Barcelona _97805 |
||
| 700 |
_aGarcés, Marina, _eAuthor _921796 |
||
| 902 | _a469 | ||
| 905 | _am | ||
| 942 |
_a1 _2ddc |
||
| 999 |
_c2077 _d2077 |
||